[Event "Corsican op"]
[Site "Bastia"]
[Date "1998.11.01"]
[Round "3"]
[White "Finkel, Alexander"]
[Black "Shchekachev, Andrei"]
[Result "1/2-1/2"]
[WhiteElo "2455"]
[BlackElo "2560"]
[PlyCount "60"]
[EventDate "1998.11.01"]
[Source "ChessBase"]
[SourceDate "1999.01.01"]

1. e4 e5 2. Nc3 Nf6 3. g3 d5 4. exd5 Nxd5 5. Bg2 Nxc3 6. bxc3 Bd6 7. Nf3 O-O 8. O-O Bg4 9. h3 Bd7 10. Re1 Nc6 11. d4 Re8 12. Be3 exd4 13. cxd4 Qc8 14. Kh2 Bf5 15. Nh4 Be4 16. c3 Bxg2 17. Kxg2 Be7 18. Nf3 Na5 19. Qd3 Qd7 20. Bf4 h6 21. Re2 Bd6 22. Be5 Bxe5 23. Nxe5 Qd5+ 24. Qf3 Qxf3+ 25. Kxf3 f6 26. Ng6 Rxe2 27. Kxe2 Kf7 28. Nf4 g5 29. Nd5 c6 30. Ne3 b6 1/2-1/2

[Event "Haarlem Open"]
[Site "Haarlem NED"]
[Date "1993.??.??"]
[Round "3"]
[White "Sax, Gyula"]
[Black "Forintos, Gyozo V"]
[Result "1/2-1/2"]
[WhiteElo "2570"]
[BlackElo "2445"]
[PlyCount "52"]
[EventDate "1993.??.??"]
[Source "www.chesslib.no"]
[SourceDate "2004.05.04"]

1. e4 e5 2. Nc3 Nf6 3. g3 Bb4 4. Bg2 d6 5. Nge2 c6 6. O-O Qe7 7. h3 h6 8. d4 Nbd7 9. Be3 Ba5 10. d5 Bb6 11. dxc6 bxc6 12. Qd3 Bxe3 13. Qxe3 O-O 14. Rfd1 Rd8 15. Rd2 Ba6 16. Rad1 Ne8 17. Nc1 Rdb8 18. b3 Qd8 19. Na4 Qa5 20. Bf1 Bb5 21. Nb2 Qa3 22. c4 Ba6 23. Na4 Nb6 24. Nc3 Rb7 25. Nb5 Bxb5 26. cxb5 Rc7 1/2-1/2

[Event "Paris APSAP"]
[Site "Paris FRA"]
[Date "1994.??.??"]
[Round "7"]
[White "Renet, Olivier"]
[Black "Murey, Jacob I"]
[Result "1-0"]
[WhiteElo "2485"]
[BlackElo "2525"]
[PlyCount "87"]
[EventDate "1994.12.??"]
[Source "www.chesslib.no"]
[SourceDate "2004.05.04"]

1. e4 e5 2. Nc3 Nf6 3. g3 Bc5 4. Bg2 Nc6 5. d3 d6 6. Na4 Bg4 7. f3 Be6 8. Ne2 Qd7 9. Nxc5 dxc5 10. f4 Bh3 11. O-O O-O-O 12. fxe5 Bxg2 13. Kxg2 Nxe4 14. Qe1 Nb4 15. dxe4 Nxc2 16. Qf2 Nxa1 17. Nc3 Qd3 18. Bg5 f6 19. exf6 gxf6 20. Bf4 Nc2 21. Rd1 Qc4 22. Qxc2 Rd4 23. b3 Qa6 24. Rxd4 cxd4 25. Nb5 c6 26. Nxd4 Rd8 27. Nf5 Rd7 28. Nd6+ Kd8 29. Qb2 Ke7 30. e5 Qa5 31. exf6+ Ke6 32. Qe5+ Qxe5 33. Bxe5 Kxe5 34. f7 Rxf7 35. Nxf7+ Kd4 36. g4 b5 37. Kf3 c5 38. Nd6 a6 39. h4 c4 40. bxc4 b4 41. g5 a5 42. h5 a4 43. g6 hxg6 44. h6 1-0

[Event "Texta"]
[Site "Budapest"]
[Date "1988.??.??"]
[Round "?"]
[White "Kindermann, Stefan"]
[Black "Tolnai, Tibor"]
[Result "1/2-1/2"]
[WhiteElo "2525"]
[BlackElo "2485"]
[PlyCount "35"]
[EventDate "1988.09.??"]
[Source "ChessBase"]

1. e4 e5 2. Nc3 Nf6 3. g3 d5 4. exd5 Nxd5 5. Bg2 Nxc3 6. bxc3 Bd6 7. Nf3 O-O 8. O-O Bg4 9. h3 Bxf3 10. Qxf3 c6 11. Rb1 Qc7 12. c4 Nd7 13. Ba3 Rab8 14. Qe3 Bxa3 15. Qxa3 b6 16. Rfe1 Rfe8 17. Qf3 Rbc8 18. h4 1/2-1/2

[Event "USSR"]
[Site "USSR"]
[Date "1979.??.??"]
[Round "?"]
[White "Gufeld, Eduard E"]
[Black "Mikhalchishin, Adrian B"]
[Result "1/2-1/2"]
[WhiteElo "2530"]
[BlackElo "2480"]
[PlyCount "129"]
[EventDate "1979.??.??"]
[Source "www.chesslib.no"]
[SourceDate "2004.05.04"]

1. e4 e5 2. Nc3 Nf6 3. g3 d5 4. exd5 Nxd5 5. Bg2 Nxc3 6. bxc3 Bd6 7. Nf3 O-O 8. O-O Nd7 9. d4 c6 10. Re1 exd4 11. cxd4 Nb6 12. Qd3 Qf6 13. c4 Bf5 14. Qb3 Be6 15. Rxe6 Qxe6 16. c5 Qxb3 17. axb3 Be7 18. cxb6 axb6 19. Rb1 Ra2 20. Be3 Rfa8 21. Kf1 Bb4 22. Rd1 Rb2 23. Ne5 Rxb3 24. d5 Rba3 25. dxc6 Ra1 26. Rxa1 Rxa1+ 27. Ke2 Ra2+ 28. Kd3 bxc6 29. Nxc6 Bc5 30. Nd4 Ra3+ 31. Kc4 Ra4+ 32. Kd5 Kf8 33. g4 h6 34. h4 Ra8 35. Ke4 Ra4 36. Bf1 Be7 37. h5 Bh4 38. f4 Ra2 39. Bc4 Rb2 40. Bc1 Rg2 41. Nf5 Bf6 42. Ne3 Rg1 43. Bd2 Be7 44. Bd3 Ra1 45. Nf5 Ra4+ 46. Kd5 Bc5 47. Bc3 f6 48. Nd4 Ke7 49. Bc4 Bxd4 50. Bxd4 Rb4 51. g5 hxg5 52. fxg5 fxg5 53. Bxg7 Kf7 54. Bc3 Ra4 55. Bd3 Ra5+ 56. Kd6 Ra3 57. Bg6+ Kg8 58. Bd4 g4 59. Ke6 Ra4 60. Be5 Ra5 61. Bd4 Ra4 62. Bf6 Ra2 63. h6 Re2+ 64. Kd5 Rh2 65. h7+ 1/2-1/2

[Event "Werfen Open"]
[Site "Werfen"]
[Date "1995.??.??"]
[Round "9"]
[White "Klovans, Janis"]
[Black "Raetsky, Alexander"]
[Result "1/2-1/2"]
[WhiteElo "2500"]
[BlackElo "2510"]
[PlyCount "117"]
[EventDate "1995.09.??"]
[Source "www.chesslib.no"]
[SourceDate "2004.05.04"]

1. e4 e5 2. Nc3 Nf6 3. g3 d5 4. exd5 Nxd5 5. Bg2 Nxc3 6. bxc3 Bd6 7. Nf3 O-O 8. O-O Re8 9. d4 exd4 10. cxd4 Nd7 11. Rb1 c6 12. c4 Nf6 13. Re1 h6 14. Rxe8+ Qxe8 15. Be3 Rb8 16. Qd3 Qe4 17. Qb3 Bf5 18. Nd2 Qe7 19. Re1 Qd7 20. Qa4 a6 21. d5 cxd5 22. Qxd7 Bxd7 23. cxd5 Rc8 24. Ne4 Nxe4 25. Bxe4 b5 26. Kg2 Kf8 27. h4 Rc4 28. Bd3 Rc3 29. Be4 Rc4 30. Bd3 Rc3 31. Be4 b4 32. Bd4 Rc4 33. Bb2 a5 34. Re2 a4 35. Bd3 Rc5 36. Be4 Rc4 37. Bd3 Rc5 38. Be4 Bb5 39. Rd2 Rc7 40. Bd4 Rc1 41. Bb2 Re1 42. Kf3 Bc4 43. Rc2 Bxa2 44. Rc8+ Ke7 45. Bxg7 Bb1 46. Bxb1 Rxb1 47. Ra8 a3 48. Bf8+ Kd7 49. Ra7+ Bc7 50. d6 a2 51. Rxc7+ Ke6 52. Re7+ Kf6 53. d7 Rd1 54. Re1 Rd3+ 55. Ke2 Rxd7 56. Bxb4 Kf5 57. Ra1 Ra7 58. f3 h5 59. Bc3 1/2-1/2

[Event "otb"]
[Site "otb"]
[Date "2007.03.25"]
[Round "11"]
[White "Kritz Leonid"]
[Black "Wemmers Xander"]
[Result "1-0"]
[WhiteElo "2597"]
[BlackElo "2410"]
[PlyCount "101"]
[Source "www.chesslib.no"]
[SourceDate "2004.05.04"]

1. e4 e5 2. Nc3 Nf6 3. g3 c6 4. d4 exd4 5. Qxd4 d5 6. Bg5 Be7 7. O-O-O O-O 8. e5 Nfd7 9. Bxe7 Qxe7 10. f4 f6 11. exf6 Nxf6 12. Nf3 Bg4 13. Bg2 Bxf3 14. Bxf3 Re8 15. g4 Qe3+ 16. Qxe3 Rxe3 17. Rhf1 Nbd7 18. g5 Ne8 19. Nxd5 cxd5 20. Bxd5+ Kf8 21. Bxb7 Rd8 22. Rd4 Ke7 23. Rfd1 Re6 24. Bg2 Rd6 25. Re1+ Re6 26. Rxe6+ Kxe6 27. Ra4 Nd6 28. Bh3+ Kd5 29. Rxa7 Nc5 30. Rxg7 Re8 31. Bg2+ Kd4 32. Rc7 Re2 33. c3+ Ke3 34. Re7+ Nde4 35. Bxe4 Nxe4 36. Rxh7 Rg2 37. a3 Nc5 38. Kb1 Nd3 39. Re7+ Kd2 40. a4 Kd1 41. Rb7 Kd2 42. Rd7 Rf2 43. g6 Rf1+ 44. Ka2 Kc2 45. g7 Rg1 46. f5 Nxb2 47. f6 Nc4 48. f7 Rb1 49. Rd1 Rxd1 50. f8=Q Rd2 51. Qf4 1-0

[Event "URS-FL49"]
[Site "Volgodonsk"]
[Date "1981.??.??"]
[Round "2"]
[White "Vasiukov, Evgeni"]
[Black "Kharitonov, Andrei Y"]
[Result "1/2-1/2"]
[WhiteElo "2545"]
[BlackElo "2460"]
[PlyCount "75"]
[EventDate "1981.10.??"]
[Source "ChessBase"]

1. e4 e5 2. Nc3 Nf6 3. g3 Bc5 4. Bg2 Nc6 5. d3 a6 6. Nd5 Nxd5 7. exd5 Ne7 8. c3 d6 9. Qe2 O-O 10. Be3 Bxe3 11. fxe3 f5 12. Nh3 h6 13. O-O Ng6 14. Rf2 Bd7 15. Raf1 Qe7 16. Qh5 Qf7 17. d4 Ne7 18. Qxf7+ Rxf7 19. dxe5 dxe5 20. e4 Raf8 21. exf5 Nxf5 22. Re1 Re8 23. Rfe2 Rfe7 24. Nf2 Nd6 25. b3 Bf5 26. g4 Bg6 27. c4 b6 28. Re3 a5 29. Bf1 e4 30. Bg2 Kf8 31. Nd1 Re5 32. Nc3 Ke7 33. Ne2 Kd7 34. Nd4 Rf8 35. Bh3 Ke8 36. Ne6 Rf7 37. Rf1 c5 38. Nf4 1/2-1/2

[Event "Tel Aviv ASA"]
[Site "Tel Aviv"]
[Date "1996.??.??"]
[Round "4"]
[White "Kogan, Artur"]
[Black "Liss, Eran"]
[Result "1/2-1/2"]
[WhiteElo "2475"]
[BlackElo "2525"]
[PlyCount "141"]
[EventDate "1996.08.??"]
[Source "ChessBase"]

1. e4 e5 2. Nc3 Nf6 3. g3 d5 4. exd5 Nxd5 5. Bg2 Nxc3 6. bxc3 Bd6 7. Nf3 O-O 8. O-O Nc6 9. Rb1 Qf6 10. d3 h6 11. Nd2 Qg6 12. Nc4 Bg4 13. Qe1 Rab8 14. Nxd6 cxd6 15. Ba3 Rfd8 16. f4 Qh5 17. Qf2 Bh3 18. f5 Bxg2 19. Qxg2 f6 20. c4 Qf7 21. Rb5 Rd7 22. g4 Ne7 23. h4 b6 24. Bc1 Kh8 25. Kh2 Rc8 26. Ba3 Rg8 27. h5 Rc8 28. Bb4 Rc6 29. Qf2 Rb7 30. Ba3 Qe8 31. Qf3 Qc8 32. Kh3 Rd7 33. Rf2 Qa6 34. Rb3 Qb7 35. Bb4 Rcc7 36. Qxb7 Rxb7 37. a4 Nc6 38. Ba3 d5 39. cxd5 Rxd5 40. Rc3 Ne7 41. Re2 Rd4 42. Re4 Rd8 43. Kg3 Kg8 44. Kf3 Kf7 45. Rec4 Rdd7 46. a5 bxa5 47. Rc5 Ke8 48. Rxa5 Rd4 49. Ra6 Kd8 50. Bc5 Rdd7 51. Bf2 Nc8 52. Rca3 Rdc7 53. c4 Kd7 54. Ke4 Nd6+ 55. Kd5 Nc8 56. g5 Ne7+ 57. Ke4 fxg5 58. Kxe5 Rb2 59. Ra2 Rb3 60. R6a3 Rb8 61. Ke4 Re8 62. Bg3 Nc6+ 63. Kf3 Rb7 64. Bf2 Rf8 65. d4 Rxf5+ 66. Kg3 Rc7 67. Rb2 Ne7 68. Rb4 Rf4 69. Ra5 Ke8 70. Kg2 Nc6 71. Rc5 1/2-1/2

[Event "AUT-chT2M 9900"]
[Site "?"]
[Date "2000.02.12"]
[Round "8.1"]
[White "Niedermayr Horst"]
[Black "Brestan Peter"]
[Result "1-0"]
[WhiteElo "2500"]
[BlackElo "2500"]
[PlyCount "94"]
[EventDate "2000.??.??"]
[Source "www.chesslib.no"]
[SourceDate "2004.05.04"]

1. e4 e5 2. Nc3 Nf6 3. g3 Bc5 4. Bg2 Nc6 5. Nge2 O-O 6. O-O a6 7. d3 d6 8. Bg5 h6 9. Bxf6 Qxf6 10. Nd5 Qd8 11. c3 f5 12. d4 Ba7 13. exf5 Bxf5 14. Ne3 Bd7 15. Qb3+ Kh8 16. Rad1 Rb8 17. Qc2 Qc8 18. f4 exd4 19. cxd4 Bh3 20. f5 Bxg2 21. Kxg2 Qe8 22. Rf3 Qf7 23. Qc3 Rbe8 24. Nf4 Kh7 25. Ng6 Rg8 26. d5 Ne5 27. Nxe5 Rxe5 28. Ng4 Rxf5 29. Qd3 g6 30. Qd2 Qg7 31. Rxf5 gxf5 32. Nf2 Re8 33. Nd3 Be3 34. Qe2 Re4 35. Qh5 Qg6 36. Qf3 Bg5 37. Qf1 Qf6 38. b3 Kg6 39. Nf2 Re5 40. Qc4 Qe7 41. h4 Be3 42. Rf1 Qf7 43. Ng4 Re7 44. Qd3 Bb6 45. h5+ Kg5 46. Qd2+ Kxg4 47. Qf4+ Kxh5 1-0

[Event "Saintly Cup"]
[Site "Sydney"]
[Date "1999.01.22"]
[Round "1"]
[White "Zhang Zhong"]
[Black "Solomon, Stephen J"]
[Result "1/2-1/2"]
[WhiteElo "2555"]
[BlackElo "2435"]
[PlyCount "155"]
[EventDate "1999.01.22"]
[Source "ChessBase"]
[SourceDate "1999.06.08"]

1. e4 e5 2. Nc3 Nf6 3. g3 d5 4. exd5 Nxd5 5. Bg2 Nxc3 6. bxc3 Bd6 7. Nf3 e4 8. Nd4 O-O 9. O-O Re8 10. f3 Bc5 11. Kh1 Bxd4 12. cxd4 Qxd4 13. c3 Qd3 14. fxe4 Nc6 15. Rf3 Bg4 16. Rxd3 Bxd1 17. Re3 Ne5 18. d4 Nc4 19. Re1 Bc2 20. Bf4 c6 21. a4 a5 22. Kg1 h6 23. h4 Re7 24. e5 Bf5 25. Bf1 Be6 26. Rab1 Na3 27. Rb2 Bc4 28. Bg2 Bd5 29. Bf1 Bc4 30. Bh3 Be6 31. Bxe6 fxe6 32. Rb3 Nc4 33. Kf2 b5 34. Ra1 Rb7 35. Ke2 Rd8 36. Kd3 Rd5 37. h5 Kf7 38. Ra2 Ke8 39. Ra1 Kd8 40. Rf1 Ke8 41. Rfb1 Kd8 42. Rf1 Kc7 43. Ke4 Kb6 44. Bc1 Rd8 45. Rf2 Ka6 46. Ba3 Rdd7 47. Bc5 Rf7 48. axb5+ cxb5 49. Re2 Rbd7 50. Rb1 Rd5 51. Ra2 a4 52. Bb4 Kb6 53. g4 Kc6 54. Rg1 Rdd7 55. Bc5 Rd5 56. Bb4 Rd8 57. g5 hxg5 58. Rxg5 Nb6 59. Rg6 Re8 60. Rc2 Nd5 61. Rg4 Rh8 62. Rh2 Rh6 63. Ba5 Rf5 64. Rc2 a3 65. c4 bxc4 66. Rxc4+ Kb5 67. Rc5+ Ka4 68. Bd2 Rhxh5 69. Rxg7 Rh4+ 70. Kd3 Rf3+ 71. Ke2 Rxd4 72. Kxf3 Rxd2 73. Ra7+ Kb4 74. Rc8 a2 75. Rb8+ Kc3 76. Ra3+ Kd4 77. Rba8 Kxe5 78. Rxa2 1/2-1/2

[Event "Corr"]
[Site "?"]
[Date "1998.??.??"]
[Round "?"]
[White "Korolev Sergey Ivanovich"]
[Black "Letic Stevan"]
[Result "0-1"]
[WhiteElo "2630"]
[BlackElo "2360"]
[PlyCount "78"]
[EventDate "1998.??.??"]
[Source "www.chesslib.no"]
[SourceDate "2004.05.04"]

1. e4 e5 2. Nc3 Nf6 3. g3 Bb4 4. Bg2 c6 5. d4 d5 6. exd5 Nxd5 7. Bd2 Bxc3 8. bxc3 exd4 9. cxd4 O-O 10. Qf3 Re8+ 11. Ne2 Nf6 12. Qd3 Qe7 13. Be3 Na6 14. O-O Nb4 15. Qd2 Bf5 16. c4 Nc2 17. Rac1 Nxe3 18. fxe3 Qxe3+ 19. Qxe3 Rxe3 20. Rxf5 Rxe2 21. Rb1 Re7 22. Ra5 a6 23. d5 cxd5 24. cxd5 Ne8 25. Rc5 Rd8 26. a4 Nd6 27. a5 f5 28. Kf2 Kf7 29. Bf3 Kf6 30. Rb4 Rdd7 31. Rb2 g5 32. Rbc2 g4 33. Bg2 Kg5 34. Rd2 h5 35. Rcc2 Re5 36. Rc5 Rf7 37. Re2 Rxe2+ 38. Kxe2 h4 39. Kd3 h3 0-1

[Event "St. Ingbert (Germany)"]
[Site "?"]
[Date "1997.07.??"]
[Round "3"]
[White "Schmaltz Roland"]
[Black "Kritz Leonid"]
[Result "1/2-1/2"]
[WhiteElo "2445"]
[BlackElo "2543"]
[PlyCount "44"]
[EventDate "1997.??.??"]
[Source "www.chesslib.no"]
[SourceDate "2004.05.04"]

1. e4 e5 2. Nc3 Nf6 3. g3 d5 4. exd5 Nxd5 5. Bg2 Nxc3 6. bxc3 Bd6 7. d3 O-O 8. Nf3 c6 9. O-O Bg4 10. h3 Be6 11. Ng5 Bd5 12. Ne4 f5 13. c4 Bxe4 14. dxe4 f4 15. Rb1 fxg3 16. Rxb7 gxf2+ 17. Kh1 Na6 18. Qg4 Qf6 19. Be3 Nc5 20. Rxf2 Qg6 21. Rxf8+ Kxf8 22. Qxg6 hxg6 1/2-1/2

[Event "Beograd 74/321"]
[Site "?"]
[Date "1998.??.??"]
[Round "?"]
[White "Finkel, Alexander"]
[Black "Mikhalchishin, Adrian"]
[Result "0-1"]
[WhiteElo "2455"]
[BlackElo "2530"]
[PlyCount "90"]
[EventDate "1998.??.??"]
[Source "ChessBase"]
[SourceDate "1998.10.01"]

1. e4 e5 2. Nc3 Nf6 3. g3 d5 4. exd5 Nxd5 5. Bg2 Nxc3 6. bxc3 Bd6 7. Nf3 O-O 8. O-O c5 9. d3 Nc6 10. Nd2 Be6 11. f4 exf4 12. gxf4 Qd7 13. Ne4 Be7 14. Qf3 f5 15. Ng5 Bxg5 16. fxg5 Rad8 17. Bf4 c4 18. Rfe1 Qf7 19. Re3 Bd5 20. Qe2 Bxg2 21. Qxg2 cxd3 22. cxd3 Ne7 23. Qxb7 Nd5 24. Qxf7+ Rxf7 25. Rf3 Nxf4 26. Rxf4 Rxd3 27. Rc1 g6 28. Rd4 Rd7 29. Rxd3 Rxd3 30. c4 Kf7 31. c5 Rd7 32. Kf2 Ke6 33. Ke3 Kd5 34. Kf4 Kc6 35. Ke5 Rd2 36. h4 Rh2 37. Rc4 Re2+ 38. Kf6 Re4 39. Rc3 Rxh4 40. Ra3 f4 41. Kg7 Rh5 42. Kf6 Kxc5 43. Rf3 Rh4 44. Ke5 Rg4 45. Rc3+ Kb4 0-1

[Event "Bern Open"]
[Site "Bern SUI"]
[Date "1993.??.??"]
[Round "3"]
[White "Conquest, Stuart"]
[Black "Van der Sterren, Paul"]
[Result "1-0"]
[WhiteElo "2495"]
[BlackElo "2490"]
[PlyCount "101"]
[EventDate "1993.02.??"]
[Source "www.chesslib.no"]
[SourceDate "2004.05.04"]

1. e4 e5 2. Nc3 Nf6 3. g3 d5 4. exd5 Nxd5 5. Bg2 Nxc3 6. bxc3 Bd6 7. Nf3 O-O 8. O-O Nc6 9. d3 Bg4 10. Be3 f5 11. Qb1 Rb8 12. Qb5 Kh8 13. Rfe1 f4 14. gxf4 exf4 15. Bd4 Rf5 16. Qc4 Nxd4 17. cxd4 Bxf3 18. Bxf3 Qh4 19. Qe6 Rbf8 20. c4 R5f6 21. Qd7 b6 22. Re8 Rxe8 23. Qxe8+ Rf8 24. Re1 Qf6 25. Qe4 Bb4 26. Re2 Bc3 27. d5 Bd4 28. Kh1 g6 29. Qe7 Qf5 30. Bg4 Qf7 31. Qxf7 Rxf7 32. Re8+ Kg7 33. Be6 Rf8 34. Re7+ Kh6 35. Rxc7 Bxf2 36. Kg2 Bc5 37. Kf3 a5 38. Rc6 Kg5 39. d6 Kf6 40. d7 Ke7 41. Rc8 Rd8 42. Kxf4 Bd6+ 43. Ke4 Bxh2 44. d4 h5 45. c5 bxc5 46. dxc5 Rxd7 47. Bxd7 Kxd7 48. Rg8 Kc6 49. Kd4 Bg1+ 50. Kc4 Bxc5 51. Rc8+ 1-0

[Event "Tuzla"]
[Site "Tuzla"]
[Date "1981.??.??"]
[Round "9"]
[White "Popovic, Petar"]
[Black "Schussler, Harry"]
[Result "1/2-1/2"]
[WhiteElo "2490"]
[BlackElo "2495"]
[PlyCount "23"]
[EventDate "1981.10.??"]
[Source "ChessBase"]

1. e4 e5 2. Nc3 Nf6 3. g3 Nc6 4. Bg2 Bc5 5. Nge2 a6 6. d3 d6 7. h3 Be6 8. Nd5 h6 9. c3 O-O 10. O-O Bxd5 11. exd5 Ne7 12. Qb3 1/2-1/2

[Event "Warsaw"]
[Site "Warsaw"]
[Date "1990.??.??"]
[Round "6"]
[White "Balashov, Yuri S"]
[Black "Stempin, Pawel"]
[Result "1/2-1/2"]
[WhiteElo "2535"]
[BlackElo "2445"]
[PlyCount "27"]
[EventDate "1990.01.??"]
[Source "ChessBase"]

1. e4 e5 2. Nc3 Nf6 3. g3 Nc6 4. Bg2 Bc5 5. d3 d6 6. Na4 Bb6 7. Nxb6 axb6 8. Nf3 h6 9. O-O Be6 10. Re1 Qc8 11. d4 Bh3 12. Bh1 O-O 13. c3 Re8 14. dxe5 1/2-1/2

[Event "Russian Cup f"]
[Site "Sochi"]
[Date "1997.??.??"]
[Round "9"]
[White "Voitsekhovsky, Stanislav"]
[Black "Yandemirov, Valeri"]
[Result "1-0"]
[WhiteElo "2480"]
[BlackElo "2500"]
[PlyCount "115"]
[EventDate "1997.09.17"]
[Source "ChessBase"]
[SourceDate "1998.01.31"]

1. e4 e5 2. Nc3 Nf6 3. g3 d5 4. exd5 Nxd5 5. Bg2 Nxc3 6. bxc3 Bd6 7. Nf3 O-O 8. O-O Nc6 9. Rb1 Rb8 10. d4 Bg4 11. Qd3 Qf6 12. Ng5 Bf5 13. Be4 Bxe4 14. Nxe4 Qg6 15. f4 exd4 16. f5 Qg4 17. Bf4 Rfe8 18. Rbe1 dxc3 19. Kg2 Nb4 20. Qb5 Nxc2 21. Nf6+ gxf6 22. Rxe8+ Rxe8 23. Qxe8+ Kg7 24. h3 Qh5 25. g4 Qh4 26. Bxd6 cxd6 27. Qe4 Na3 28. Qb4 Qg5 29. Qxc3 Nb5 30. Qd3 a6 31. Kg3 h5 32. Re1 h4+ 33. Kf3 Qh6 34. a4 Na7 35. Qxd6 Nc6 36. Re8 Kh7 37. Qf8 Qxf8 38. Rxf8 Kg7 39. Rc8 Ne5+ 40. Ke4 b5 41. axb5 axb5 42. Rb8 Nd7 43. Rxb5 Nf8 44. Kd5 Nh7 45. Kd6 Ng5 46. Rb3 Kf8 47. Re3 Nh7 48. Kd7 Ng5 49. Kd8 Kg7 50. Ke7 Nh7 51. Ra3 Ng5 52. Rc3 Ne4 53. Rc6 Ng5 54. Rxf6 Nxh3 55. Rxf7+ Kh6 56. Rf6+ Kh7 57. Rg6 Nf4 58. Kf7 1-0